000 00448nam a2200157 i 4500
001 115772
003 ES-MaACL
005 20230906190543.0
007 t|
008 070511s1985 sp ||||1| spa d
110 2 _aUniversidad de Navarra.
_97252
245 1 0 _aApertura de curso 1972-73 /
_cUniversidad de Navarra.
260 _aPamplona :
_bUniversidad de Navarra,
_c1985.
300 _a74 p. ;
_c26 cm.
852 _aES-MaACL
_jL-8904
_bR.110572
999 _c115772
_d115772